000 03000nam a22003617a 4500
001 0028046
003 KOHA_MİRAKIL
005 20260207002617.0
007 ta
008 110307b2011 tu a|||grn|||#0|||0|tur |
020 _a9789758657643
040 _aTR-BiSEU
_btur
_cTR-BiSEU
_erda
041 0 _atur
044 _ctu
050 _aHV8241.93
_b.G98 2011
245 0 _aGüvenlik hizmetlerinde çağdaş yaklaşımlar/
_ced. Serdar Kenan Gül, Muhittin Karakaya.
264 1 _aAnkara :
_bPolis Akademisi Başkanlığı
_c2011
300 _aVİ, 334 sayfa :
_bres. ;
_c24 cm.
336 _ametin
_btxt
_2rdacontent
337 _aaracısız
_bn
_2rdamedia
338 _acilt
_bnc
_2rdacarrier
490 1 _aPolis Akademisi Yayınları.
490 1 _aGüvenlik Yönetimi Serisi ;
_v3.
500 _aKaynakça var.
505 _a
_x
_x
_x
_x
_xÖnsöz V
_x
_xBilişim Teknolojilerinin Adli Soruşturmalara Etkisi 1
_xHakan HEKİM, Serdar Kenan GÜL
_x
_xGelişen İnternet ve Bilişim Teknolojilerine Yönelik Polislerin
_xBeklenti ve Hedefleri 33
_xHüseyin ÇAKIR
_x
_xAçık Sistem Teorisi Perspektifinde Türk Polis Teşkilatı'nda
_xe-Polis Uygulamalarının Değerlendirilmesi 45
_xKübra GÜLTEKÎN
_x
_xEmniyet Teşkilatında Mobese Uygulamaları 55
_xÖmer MAZLUM
_x
_xHelikopterlerin Polis Hizmetlerine Katkıları 65
_xRamazan YALÇINKAYA
_x
_xGelişmemiş Parmakizlerinin Laboratuar Ortamında
_xGeliştirilmesinde Kullanılan Yöntemler 79
_xNevcivan AÇILKAN
_x
_xAdli Entomoloji 101
_xErsin KARAPAZARLIOĞLU
_x
_xOlay Yeri İnceleme İşlemleri Otomasyon Projesi ve
_xEşkâl Tespit Projesi: Bursa Emniyet Müdürlüğü Örneği 119
_xHimmet ÖZCAN, İsmail GÜNEŞ, Uğur ARGUN
_xPolisin İnsan Hakları Gelişiminin Bilimsel Bir Çalışma İşığında
_xİncelenmesi 155
_xMurat DELİCE
_x
_xPolisin İş Tatmini, Hukuk ve İnsan Hakları Hukukuna
_xYönelik Tutumu 175
_xHüseyin AKDOĞAN, Sıddık EKİCİ, Fatih DOĞRU
_x
_xPoliste Transformasyonel ve Transaksiyonel Liderlik:
_xEskişehir Emniyet Müdürlüğü Alan Araştırması 203
_xAli Boğaçhan YÜCEL
_x
_xVardiyalı Çalışma Sistemlerinin Teşkilat İhtiyaçları Bağlamında
_xİncelenmesi 215
_xCihangir BAYCAN
_x
_xPolislerin Benlik Saygısı ve Mesleki Benlik Saygılarının
_xSahip Oldukları Değerler Açısından İncelenmesi 235
_xRuhi YİĞİT. Bülent DİLMAÇ. O. Tolga ARICAK. M. Engin DENİZ
_x
_xAsayiş Hizmetlerinde Örgütsel Performans Yönetimi Projesi 251
_xTurgut GÖKSU Muhittin KARAKAYA. Kazım SEYHAN. Veysel K BİLGİÇ, Serdar Kenan GÜL
_x
_xPolis Reformu: Polisiye, Yardımcı ve İdari Rollerin Revizyonunun
_xYapılması 265
_xCevdet ZENGİN
_x
_xABD Polis Nezarethaneleri Yönetimi ve
_xTürk Polis Teşkilatına Öneriler 311
_xSinan ÜLKEMEN
_x
650 0 _aPolice--Turkey.
_936432
650 0 _aIntelligence service--Turkey.
_917204
650 0 _aPolice--Administration.
_955618
830 1 _aPolis Akademisi Yayınları.
_955619
830 1 _aGüvenlik Yönetimi Serisi ;
_v3.
_955620
907 _aAraştırma
942 _2lcc
_cBK
999 _c27970
_d27970